000 00605nam a2200157 4500
001 143160
003 ES-MaACL
007 t|
008 070214s1980 pe r ||||1| spa d
111 _aSeminario Interamericano sobre Aspectos Médicos y Sociologicos de la Coca y de la Cocacina
_c(Lima, Perú
_d(1979)
_9220868
245 1 0 _aCocaina 1980
_b: Seminario Interamericano sobre Aspectos Médicos y Sociologicos de la Coca y de la Cocacina.
260 _aLima :
_bF. R. Jeri,
_c1980.
300 _aXIV, 307 p., 5 lám. ;
_c24 cm.
852 _aES-MaACL
_jL-64
_bR.100658
999 _c143160
_d143160